Robustné prediktívne riadenie laboratórneho chemického reaktora

Salvato in:
Dettagli Bibliografici
Autore principale: Hanulová, Linda (Autore)
Altri autori: Oravec, Juraj (Relatore della tesi)
Natura: Manoscritto Libro
Lingua:slovacco
Pubblicazione: 2018
Soggetti:
Accesso online:http://is.stuba.sk/zp/portal_zp.pl?podrobnosti=136271
Tags: Aggiungi Tag
Nessun Tag, puoi essere il primo ad aggiungerne!!

MARC

LEADER 00000ntm a22000003a 4500
001 stuzp69835
003 SK-STU
005 20180602211350.2
007 ta
008 150427s2015----xo-----f-mn---000-0-slo-d
040 |a STU  |b slo 
041 0 |a slo 
100 1 |a Hanulová, Linda  |u 047000  |4 aut  |U FCHPT Fakulta chemickej a potravinárskej technológie  |T FCHPT Ústav informatizácie, automatizácie a matematiky  |X 65832  |U C7000  |Y 105  |7 65832 
242 0 1 |a Robust Model Predictive Control Design for the Laboratory Chemical Reactor  |y eng 
245 1 0 |a Robustné prediktívne riadenie laboratórneho chemického reaktora 
260 |c 2018 
650 4 |a chemický reaktor  |2 slo 
650 4 |a identifikácia  |2 slo 
650 4 |a odhad stavov  |2 slo 
650 4 |a robustné prediktívne riadenie  |2 slo 
650 4 |a chemical reactor  |2 eng 
650 4 |a identification  |2 eng 
650 4 |a state observer  |2 eng 
650 4 |a robust model predictive control  |2 eng 
700 1 |a Oravec, Juraj  |u 047220  |k Z1  |4 ths  |U FCHPT Ústav informatizácie, automatizácie a matematiky  |T FCHPT Oddelenie informatizácie a riadenia procesov  |X 26399  |U C7220  |Y 121  |7 A000026399 
856 4 |u http://is.stuba.sk/zp/portal_zp.pl?podrobnosti=136271